Szczegóły MARC21

The country seat : studies in the history of the British country house : presented to sir John Summerson on his sixty-fifth birthday togethe r with a select bibliography of his published writings /

005 -DATA I CZAS OSTATNIEJ MODYFIKACJI [,]
    • @
    • pole kontrolne
    • 20070315155141.9
040 -Instytucja sporządzająca opis [ , ]
    • a
    • Instytucja, która sporządziła opis (NP)
    • SZCZ U
    • c
    • Instytucja, która sporządziła rekord (NP)
    • SZCZ U
041 -Język dokumentu [0, ]
    • a
    • Język tekstu (P)
    • angielski
    • h
    • Język tekstu oryginalnego i/lub pośredniego (P)
    • angielski
942 -Rodzaj dokumentu [ , ]
    • c
    • Rodzaj dokumentu
    • Książka
245 -Strefa tytułu i oznaczenia odpowiedzialności [0, ]
    • a
    • Tytuł
    • The country seat : Find
    • b
    • Ciąg dalszy tytułu (NP)
    • studies in the history of the British country house : presented to sir John Summerson on his sixty-fifth birthday togethe r with a select bibliography of his published writings / Find
    • c
    • Pozostałe elementy strefy tytułu i oznaczenia odpowiedzialności (NP)
    • ed.by Howard Colvin and John Harris.
260 -Strefa adresu wydawniczego [ , ]
    • a
    • Miejsce wydania (P)
    • London :
    • b
    • Nazwa wydawcy (P)
    • A.Lane,
    • c
    • Data wydania (P)
    • 1970.
300 -Strefa opisu fizycznego [ , ]
    • a
    • Określenie formy książki i/lub objętość (NP)
    • 295 s. :
    • b
    • Oznaczenie ilustracji (NP)
    • il. :
    • c
    • Format (NP)
    • 28 cm.
500 -Uwaga ogólna [ , ]
    • a
    • Uwaga ogólna (NP)
    • Bibliogr. Ind
080 -Uniwersalna Klasyfikacja Dziesiętna [ , ]
    • a
    • Symbol klasyfikacji
    • 72.03(410)(02.025.2)=20
080 -Uniwersalna Klasyfikacja Dziesiętna [ , ]
    • a
    • Symbol klasyfikacji
    • :728(410)(02.025.2)=20
980 -Symbol UKD [ , ]
    • a
    • UKD
    • 72.03:728](410)(02.025.2)=20
700 -Hasło dodatkowe - nazwa osobowa [ , ]
    • a
    • Nazwa osobowa (NP)
    • Colvin Howard Find
    • d
    • Daty biograficzne (NP)
    • red.
700 -Hasło dodatkowe - nazwa osobowa [ , ]
    • a
    • Nazwa osobowa (NP)
    • Harris John Find
    • d
    • Daty biograficzne (NP)
    • red.
Numer inwentarzowy Data inwentaryzacji Lokalizacja Status udost. Sygnatura
A.43401996-07-25BM1ANG. Kultura Wielkiej Bryt. 061